000 00731nam a2200217Ia 4500
003 GCL
008 140319s9999 xx 000 0 ara d
040 _aGCL /
_cGCL
082 0 4 _a370.19
_bم د
100 1 _aمحمود مدحت محمد على
245 1 0 _aالدور المرتقب للمنظمات غير الحكومية فى مجال ثقافة الطفل /
_cمحمود مدحت محمد على
700 1 _aسميرة ابوالحسن (مراجع)
260 _a[S.N] :
_bالمركز القومى لثقافة الطفل ،
_c1994
300 _a30
490 _a
650 0 4 _aالتعليم
650 0 4 _aالثقافة
650 0 4 _aالطفل
650 0 4 _aالتعليم والدولة
942 _2ddc
_cBK
999 _c36266
_d36266